LEADER 03496 am 22006853u 450 001 9910132152703321 005 20221206175629.0 010 $a1-78374-030-2 010 $a2-8218-7635-1 010 $a1-78374-029-9 035 $a(CKB)3710000000251841 035 $a(EBL)3384135 035 $a(OCoLC)923318163 035 $a(SSID)ssj0001326100 035 $a(PQKBManifestationID)11765502 035 $a(PQKBTitleCode)TC0001326100 035 $a(PQKBWorkID)11516536 035 $a(PQKB)10401628 035 $a(WaSeSS)117291 035 $a(Au-PeEL)EBL3384135 035 $a(CaPaEBR)ebr10996512 035 $a(MiAaPQ)EBC3384135 035 $a(FrMaCLE)OB-obp-1940 035 $a(oapen)https://directory.doabooks.org/handle/20.500.12854/40874 035 $a(PPN)198368844 035 $a(EXLCZ)993710000000251841 100 $a20150107h20142014 uy 0 101 0 $aeng 135 $aurmn#---||||| 181 $ctxt$2rdacontent 182 $cc$2rdamedia 183 $acr$2rdacarrier 200 14$aThe Anglo-Scottish ballad and its imaginary contexts /$fDavid Atkinson 210 $cOpen Book Publishers 210 1$aCambridge, England :$cOpen Book Publishers,$d2014. 210 4$dİ2014 215 $a1 online resource (207 pages) $cdigital, PDF file(s) 300 $aDescription based upon print version of record. 311 $a1-78374-028-0 311 $a1-78374-027-2 320 $aIncludes bibliographical references and index. 327 $aPreface --1. Where is the ballad? --2. On the nature of evidence --3. Textual authority and the sources of variance --4. The material ballad --5. Sound and writing --6. Agency, intention, and the problem of version (with a brief history of ballad editing) --7. Palimpsest or texte ge?ne?tique --8. Afterword: 'All her friends cried out for shame'. 330 $a"This is the first book to combine contemporary debates in ballad studies with the insights of modern textual scholarship. Just like canonical literature and music, the ballad should not be seen as a uniquely authentic item inextricably tied to a documented source, but rather as an unstable structure subject to the vagaries of production, reception, and editing. Among the matters addressed are topics central to the subject, including ballad origins, oral and printed transmission, sound and writing, agency and editing, and textual and melodic indeterminacy and instability. While drawing on the time-honoured materials of ballad studies, the book offers a theoretical framework for the discipline to complement the largely ethnographic approach that has dominated in recent decades. Primarily directed at the community of ballad and folk song scholars, the book will be of interest to researchers in several adjacent fields, including folklore, oral literature, ethnomusicology, and textual scholarship."--Publisher's website. 606 $aBallads, English$zEngland$xHistory and criticism 606 $aBallads, Scots$zScotland$xHistory and criticism 610 $aliterature 610 $afolklore 610 $amusic 610 $aballad 615 0$aBallads, English$xHistory and criticism. 615 0$aBallads, Scots$xHistory and criticism. 676 $a821.04 700 $aAtkinson$b David$067841 801 0$bMiAaPQ 801 1$bMiAaPQ 801 2$bMiAaPQ 906 $aBOOK 912 $a9910132152703321 996 $aAnglo-Scottish Ballad and its Imaginary Contexts$91803852 997 $aUNINA LEADER 01935nam 22005413 450 001 9910831814403321 005 20250316143633.0 010 $a9781000774962 010 $a1000774961 024 8 $ahttps://doi.org/10.4324/9781003221043 035 $a(CKB)4970000000226591 035 $a(MiAaPQ)EBC7245504 035 $a(ODN)ODN0009183093 035 $a(Au-PeEL)EBL7245504 035 $a(OCoLC)1378936908 035 $a(ScCtBLL)2ea55a9f-2218-4ab5-bf7f-0540368e5b26 035 $a(EXLCZ)994970000000226591 100 $a20241113d2022 uy 0 101 0 $aeng 135 $aurcnu|||||||| 181 $ctxt$2rdacontent 182 $cc$2rdamedia 183 $acr$2rdacarrier 200 10$aE-Attachment and Online Communication $eThe Changing Context of the Clinical Diagnosis and Psychological Treatment 205 $a1st ed. 210 $d2022 210 1$aOxford :$cTaylor & Francis Group,$d2022. 210 4$dİ2023. 215 $a1 online resource (147 pages) 225 1 $aExplorations in Mental Health Series 330 $aThis book examines the use of modern technologies in clinical psychological practice. It considers how we define attachment in an age where changes in technology and the COVID-19 pandemic have increased the prevalence of online contact in the process of diagnosis and psychological treatment. 410 0$aExplorations in Mental Health Series 606 $aNonfiction$2OverDrive 606 $aPsychology$2OverDrive 615 17$aNonfiction. 615 7$aPsychology. 676 $a616.89/140285 686 $aPSY028000$2bisacsh 700 $aSitnik-Warchulska$b Katarzyna$01272442 701 $aIzydorczyk$b Bernadetta$01271930 701 $aWajda$b Zbigniew$01775990 801 0$bMiAaPQ 801 1$bMiAaPQ 801 2$bMiAaPQ 906 $aBOOK 912 $a9910831814403321 996 $aE-Attachment and Online Communication$94291253 997 $aUNINA